| 000 | 00626nam a2200217 a 4500 | ||
|---|---|---|---|
| 999 |
_c5178 _d5178 |
||
| 001 | 5178 | ||
| 003 | BD-JhCC | ||
| 005 | 20171210113847.0 | ||
| 008 | 171210s1974 bg |||| ||a| 000 0 ben d | ||
| 035 | _a(BD-JhCC)5178 | ||
| 040 |
_aBD-JhCC _dBD-JhCC |
||
| 041 | _aben | ||
| 082 |
_a330 _bHAQ 1974 |
||
| 100 | _aহক, সিরাজুল | ||
| 245 |
_aআধুনিক ধনবিদ্যা / _cসিরাজুল হক |
||
| 260 |
_aঢাকা : _bবাংলাদেশ পাবলিশার্স, _c1974. |
||
| 300 |
_a160 p. : _c22 cm. |
||
| 650 | _aEconomics | ||
| 942 |
_2ddc _cBK |
||